Score 0/44 Timer 06:00
1 Play Today
Title Female Name % Correct
________ PoppinsMary
94.8%
Breakfast at ________'sTiffany
93.3%
Mona ________ SmileLisa
92.7%
G.I. ________ Jane
91.6%
The Messenger: The Story of ________ of ArcJoan
88.8%
Julie & ________Julia
83.1%
Jack and ________Jill
81.9%
Along Came ________Polly
81.1%
________ LongstockingPippi
78.3%
________ Get Your GunAnnie
76.7%
________ and the PussycatsJosie
73.5%
Kiss Me ________Kate
70.2%
Poison ________ Ivy
70.1%
Chasing ________Amy
67.3%
The Exorcism of ________ RoseEmily
67%
________ and the KingAnna
63.5%
Romy and ________'s High School ReunionMichele
63.2%
Porgy and ________Bess
62.2%
Benny & ________Joon
58.6%
The Unsinkable ________ BrownMolly
58.5%
Harold and ________Maude
54.2%
La Femme ________Nikita
53.5%
Title Female Name % Correct
________'s BodyJennifer
52.5%
______ RaeNorma
52.4%
________ Cristina BarcelonaVicky
51%
Nurse ________Betty
50%
________ and BeezusRamona
47.6%
Educating ________Rita
46.9%
Guarding ________Tess
44.9%
________ BallouCat
41.7%
My Darling ________Clementine
40.7%
The Prime of Miss ________ BrodieJean
39.5%
________ Doesn't Live Here AnymoreAlice
38.8%
Eyes of ________ MarsLaura
28.8%
Robin and ________Marian
24.1%
Red ________Sonja
22.7%
Stanley and ________Iris
19.4%
________ ValentineShirley
17.8%
Mad Dog and ________Glory
15.3%
________ GrayCharlotte
11.2%
Oscar and ________Lucinda
10.9%
Killing ________Zoe
9.4%
________ and JackieHilary
9.1%
________ at the WeddingMargot
6.8%

You're not logged in!

Compare scores with friends on all Sporcle quizzes.
OR
Log In

Sporcle TV

Today on Sporcle TV


Watch our educational content, quiz creation guides, and fun videos on Sporcle TV.

Show Comments

Extras

Top Quizzes Today


Score Distribution

Paid Content

Your Account Isn't Verified!

In order to create a playlist on Sporcle, you need to verify the email address you used during registration. Go to your Sporcle Settings to finish the process.

Report this User

Report this user for behavior that violates our Community Guidelines.

Details: